000 00667nam a2200121Ia 4500
008 220615s9999||||xx |||||||||||||| ||und||
245 0 _aInterdisciplinary Nutritional Management and Care for Older Adults
_bAn Evidence-Based Practical Guide for Nurses
546 _aEnglish[eng]
650 _aOpen access||1. Fragility fractures||2. Frail elderly||3. Malnutrition||4. Medical nutrition||5. Nutrition management||6. Protein Energy Malnutrition||7. Physical activity||8. Physical function||9. Sarcopenia
700 _aGeirsdóttir, Ólöf G.||Bell, Jack J.
856 _uhttps://library.oapen.org/bitstream/20.500.12657/50702/1/978-3-030-63892-4.pdf
942 _cEB
999 _c11615
_d11615